La historia del PRI y sus perspectivas de triunfo : (Record no. 39895)
[ view plain ]
| 000 -CABECERA | |
|---|---|
| campo de control de longitud fija | 00476nam a2200133 a 4500 |
| 001 - NÚMERO DE CONTROL | |
| campo de control | 000040405 |
| 005 - FECHA Y HORA DE LA ÚLTIMA TRANSACCIÓN | |
| campo de control | 20201002034119.0 |
| 008 - DATOS DE LONGITUD FIJA--INFORMACIÓN GENERAL | |
| campo de control de longitud fija | 110718s1992 dr 000 0 spa d |
| 040 ## - FUENTE DE LA CATALOGACIÓN | |
| Centro catalogador/agencia de origen | DO-SdBNP |
| Lengua de catalogación | spa |
| Centro/agencia transcriptor | BNPHU |
| 100 1# - ENTRADA PRINCIPAL--NOMBRE DE PERSONA | |
| Nombre de persona | Majluta, Jacobo. |
| 9 (RLIN) | 31128 |
| 245 13 - MENCIÓN DE TÍTULO | |
| Título | La historia del PRI y sus perspectivas de triunfo : |
| Resto del título | principio del fin de los partidos tradicionales / |
| Mención de responsabilidad, etc. | Jacobo Majluta. |
| 260 ## - PUBLICACIÓN, DISTRIBUCIÓN, ETC. | |
| Lugar de publicación, distribución, etc. | Santo domingo : |
| Nombre del editor, distribuidor, etc. | Editora Tele-3, |
| Fecha de publicación, distribución, etc. | 1992. |
| 300 ## - DESCRIPCIÓN FÍSICA | |
| Extensión | 114 p. : |
| Otras características físicas | il., retrs. ; |
| Dimensiones | 22 cm. |
| Estado de retiro | Estado de pérdida | No para préstamo | Código de colección | Localización permanente | Ubicación/localización actual | Ubicación en estantería | Fecha de adquisición | Número de inventario | Total de préstamos | Signatura topográfica completa | Código de barras | Fecha visto por última vez | Precio válido a partir de | Tipo de ítem Koha |
|---|---|---|---|---|---|---|---|---|---|---|---|---|---|---|
| Excluido de préstamo | Patrimonio Dominicano | General | General | En catalogación | 23.08.2013 | LF1 | 40405-10 | 25.06.2020 | 25.06.2020 | Libro y Folleto Colección Patrimonio Dominicano |
